| 000 | 00686cam a22002292 4500 | ||
|---|---|---|---|
| 001 | 0000005998 | ||
| 005 | 20151021151107.0 | ||
| 008 | 070911s xx 000 0 eng d | ||
| 020 | _a8177581058 : | ||
| 040 |
_aKABU _cKABU |
||
| 100 | 1 |
_aRejda, George E. _@0000157338 |
|
| 245 | 1 | 0 |
_aPrinciples of risk management and insurance / _cGeorge E. Rejda. |
| 250 | _a9th ed. | ||
| 260 |
_aNew Delhi : _bDorling Kinderley, _c2005. |
||
| 300 | _a784 p. | ||
| 650 | 0 |
_aInsurance. _@0000152709 |
|
| 650 | 0 |
_aRisk (Insurance) _@0000152714 |
|
| 650 | 0 |
_aRisk management. _@0000150875 |
|
| 908 | _a070911 | ||
| 950 | _@1 | ||
| 999 |
_c606 _d606 |
||